00483nam a2200157Ia 4500003000900000008004100009020001800050040001600068080001500084100001700099245012900116260003800245300001500283650001000298650001700308IN-BaIIA211028s9999 xx 000 0 eng d a0-471-14302-2 cIIA Library a535.5bBRO aBrosseau, C. 0aFundamentals of polarized lightba statistical optics approachcC. Brosseau  aNew YorkbJohn Wiley & Sonsc1998 axiv, 405p. aLight aPolarization